| 000 | 00306nam a2200109Ia 4500 | ||
|---|---|---|---|
| 008 | 230907s9999||||xx |||||||||||||| ||und|| | ||
| 082 |
_a515.35 _bZIL |
||
| 100 |
_aZill, Dennis G. _91266 |
||
| 245 | 2 | _aA first course in differential equations with modeling applications / | |
| 300 | _apages cm | ||
| 942 | _cBK | ||
| 999 |
_c598992 _d598992 |
||